| Tag |
First Indicator |
Second Indicator |
Subfields |
| LEADER |
00000cam a2200000 i 4500 |
| 001 |
in00004025913 |
| 005 |
20190114092625.0 |
| 008 |
180126s2019 hiu b 001 0 eng c |
| 010 |
|
|
|a 2018003982
|
| 035 |
|
|
|a (OCoLC)on1022077285
|
| 040 |
|
|
|a HU/DLC
|b eng
|e rda
|c DLC
|d OCLCO
|d YDX
|d OCLCF
|d YDX
|d OCLCO
|
| 019 |
|
|
|a 1023548418
|
| 020 |
|
|
|a 9780824876685
|q hardcover
|q alkaline paper
|
| 020 |
|
|
|a 0824876687
|q hardcover
|q alkaline paper
|
| 024 |
8 |
|
|a 40028641961
|
| 035 |
|
|
|a (OCoLC)1022077285
|
| 042 |
|
|
|a pcc
|
| 043 |
|
|
|a a-ja---
|
| 050 |
0 |
0 |
|a HQ682
|b .I58 2019
|
| 082 |
0 |
0 |
|a 303.4
|2 23
|
| 049 |
|
|
|a TXAM
|
| 245 |
0 |
0 |
|a Intimate Japan :
|b ethnographies of closeness and conflict /
|c edited by Allison Alexy and Emma E. Cook.
|
| 264 |
|
1 |
|a Honolulu :
|b University of Hawaiʻi Press,
|c [2019]
|
| 300 |
|
|
|a xii, 270 pages ;
|c 24 cm
|
| 336 |
|
|
|a text
|b txt
|2 rdacontent
|
| 337 |
|
|
|a unmediated
|b n
|2 rdamedia
|
| 338 |
|
|
|a volume
|b nc
|2 rdacarrier
|
| 504 |
|
|
|a Includes bibliographical references and index.
|
| 505 |
0 |
|
|a Introduction : the stakes of intimacy in contemporary Japan / Allison Alexy -- Students outside the classroom : youth's intimate experiences in 1990s Japan / Yukari Kawahara -- Resisting intervention, (en)trusting my partner : unmarried women's narratives about contraceptive use in Tokyo / Shana Fruehan Sandberg -- Romantic and sexual intimacy before and beyond marriage / Laura Dales and Beverley Yamamoto -- What can be said? : communicating intimacy in millennial Japan / Allison Alexy -- My husband is a good man when he doesn't hit me : redefining intimacy among victims of domestic violence / Kaoru Kuwajima -- Power, intimacy, and irregular employment in Japan / Emma E. Cook -- Manhood and the burdens of intimacy / Elizabeth Miles -- Gender identity, desire, and intimacy : sexual scripts and x-gender / S.P.F. Dale -- Beyond blood ties : intimate kinships in Japanese foster and adoptive care / Kathryn Goldfarb -- Making ordinary, if not ideal, intimate relationships : Japanese-Chinese transnational matchmaking / Chigusa Yamaura -- Connections, conflicts, and experiences of intimacy in Japanese-Australian families / Diana Adis Tahhan -- Reflections on fieldwork : exploring intimacy / Allison Alexy and Emma E. Cook.
|
| 650 |
|
0 |
|a Intimacy (Psychology)
|x Social aspects
|z Japan.
|
| 650 |
|
0 |
|a Social change
|z Japan.
|
| 650 |
|
7 |
|a Social change.
|2 fast
|0 (OCoLC)fst01122310
|
| 651 |
|
7 |
|a Japan.
|2 fast
|0 (OCoLC)fst01204082
|
| 700 |
1 |
|
|a Alexy, Allison,
|e editor.
|
| 700 |
1 |
|
|a Cook, Emma E.,
|e editor.
|
| 945 |
|
|
|b 837721
|
| 947 |
|
|
|a A14850561276
|
| 994 |
|
|
|a 92
|b TXA
|
| 999 |
f |
f |
|s 947972f3-e3c7-39cb-879e-ce0eb286a777
|i 6aca0fb7-d0bc-30b3-ba99-5f1413698129
|t 0
|
| 952 |
f |
f |
|p normal
|a Texas A&M University
|b College Station
|c Sterling C. Evans Library
|d Evans: Library Stacks
|t 0
|e HQ682 .I58 2019
|h Library of Congress classification
|i unmediated -- volume
|m A14850561276
|
| 998 |
f |
f |
|a HQ682 .I58 2019
|t 0
|l Evans: Library Stacks
|